<?xml version="1.0" encoding="UTF-8"?>
<record
    xmlns:xsi="http://www.w3.org/2001/XMLSchema-instance"
    xsi:schemaLocation="http://www.loc.gov/MARC21/slim http://www.loc.gov/standards/marcxml/schema/MARC21slim.xsd"
    xmlns="http://www.loc.gov/MARC21/slim">

  <leader>00717nam a2200229Ia 4500</leader>
  <controlfield tag="005">20220623142227.0</controlfield>
  <controlfield tag="008">210716s2008    xx            000 0 und d</controlfield>
  <datafield tag="020" ind1=" " ind2=" ">
    <subfield code="a">9788173194733</subfield>
  </datafield>
  <datafield tag="040" ind1=" " ind2=" ">
    <subfield code="c">AIMIT LIBRARY</subfield>
  </datafield>
  <datafield tag="041" ind1=" " ind2=" ">
    <subfield code="a">eng</subfield>
  </datafield>
  <datafield tag="082" ind1=" " ind2=" ">
    <subfield code="a">003 </subfield>
    <subfield code="2">1</subfield>
    <subfield code="b">RAOK</subfield>
  </datafield>
  <datafield tag="100" ind1=" " ind2=" ">
    <subfield code="a">Rao K Chandrasekhara.</subfield>
    <subfield code="9">44685</subfield>
  </datafield>
  <datafield tag="245" ind1=" " ind2=" ">
    <subfield code="a">Operations research /</subfield>
    <subfield code="c">By K.Chandrasekhara Rao; Shanti Lata Mishra.</subfield>
  </datafield>
  <datafield tag="250" ind1=" " ind2=" ">
    <subfield code="a">1st ed.</subfield>
  </datafield>
  <datafield tag="260" ind1=" " ind2=" ">
    <subfield code="a">New Dehli ;</subfield>
    <subfield code="b">Narisa Publishing House ,</subfield>
    <subfield code="c">2008.</subfield>
  </datafield>
  <datafield tag="300" ind1=" " ind2=" ">
    <subfield code="a">xiv,334 p. ;</subfield>
    <subfield code="c">24.5 cm.</subfield>
  </datafield>
  <datafield tag="650" ind1=" " ind2=" ">
    <subfield code="a">Mathematical background</subfield>
    <subfield code="9">44686</subfield>
  </datafield>
  <datafield tag="650" ind1=" " ind2=" ">
    <subfield code="a">Linear programming</subfield>
    <subfield code="9">44687</subfield>
  </datafield>
  <datafield tag="650" ind1=" " ind2=" ">
    <subfield code="a">Assignment problem</subfield>
    <subfield code="9">44688</subfield>
  </datafield>
  <datafield tag="700" ind1=" " ind2=" ">
    <subfield code="a">Mishra, Shanti Lata.</subfield>
    <subfield code="9">44689</subfield>
  </datafield>
  <datafield tag="942" ind1=" " ind2=" ">
    <subfield code="2">ddc</subfield>
    <subfield code="c">BK</subfield>
    <subfield code="e">1st</subfield>
    <subfield code="k">003 RAOK</subfield>
  </datafield>
  <datafield tag="999" ind1=" " ind2=" ">
    <subfield code="c">189137</subfield>
    <subfield code="d">189137</subfield>
  </datafield>
  <datafield tag="952" ind1=" " ind2=" ">
    <subfield code="0">0</subfield>
    <subfield code="1">0</subfield>
    <subfield code="2">ddc</subfield>
    <subfield code="4">0</subfield>
    <subfield code="7">0</subfield>
    <subfield code="8">MCA</subfield>
    <subfield code="a">AIMIT</subfield>
    <subfield code="b">AIMIT</subfield>
    <subfield code="c">OR</subfield>
    <subfield code="e">Athulya Books</subfield>
    <subfield code="g">285.00</subfield>
    <subfield code="i">Bill no:505; Bill dt:2008-12-01</subfield>
    <subfield code="l">0</subfield>
    <subfield code="o">003 RAOK</subfield>
    <subfield code="p">MCA08645</subfield>
    <subfield code="r">2025-07-21 00:00:00</subfield>
    <subfield code="v">222.30</subfield>
    <subfield code="w">2021-07-16</subfield>
    <subfield code="y">BK</subfield>
  </datafield>
  <datafield tag="952" ind1=" " ind2=" ">
    <subfield code="0">0</subfield>
    <subfield code="1">0</subfield>
    <subfield code="2">ddc</subfield>
    <subfield code="4">0</subfield>
    <subfield code="7">0</subfield>
    <subfield code="8">MCA</subfield>
    <subfield code="a">AIMIT</subfield>
    <subfield code="b">AIMIT</subfield>
    <subfield code="c">OR</subfield>
    <subfield code="d">2025-02-12</subfield>
    <subfield code="e">Narosa Book Distributors</subfield>
    <subfield code="g">300.00</subfield>
    <subfield code="i">Bill no:61962;Bill dt:2012-02-01</subfield>
    <subfield code="l">0</subfield>
    <subfield code="o">003 RAOK</subfield>
    <subfield code="p">MCA11731</subfield>
    <subfield code="r">2025-07-21 00:00:00</subfield>
    <subfield code="v">225.00</subfield>
    <subfield code="w">2021-07-16</subfield>
    <subfield code="y">BK</subfield>
  </datafield>
  <datafield tag="952" ind1=" " ind2=" ">
    <subfield code="0">0</subfield>
    <subfield code="1">0</subfield>
    <subfield code="2">ddc</subfield>
    <subfield code="4">0</subfield>
    <subfield code="7">0</subfield>
    <subfield code="8">MCA</subfield>
    <subfield code="a">AIMIT</subfield>
    <subfield code="b">AIMIT</subfield>
    <subfield code="c">OR</subfield>
    <subfield code="d">2025-02-12</subfield>
    <subfield code="e">Narosa Book Distributors</subfield>
    <subfield code="g">355.00</subfield>
    <subfield code="i">Bill no:67454;Bill dt:2015-05-02</subfield>
    <subfield code="l">0</subfield>
    <subfield code="o">003 RAOK</subfield>
    <subfield code="p">MCA14217</subfield>
    <subfield code="r">2025-07-21 00:00:00</subfield>
    <subfield code="v">266.25</subfield>
    <subfield code="w">2021-07-16</subfield>
    <subfield code="y">BK</subfield>
  </datafield>
  <datafield tag="952" ind1=" " ind2=" ">
    <subfield code="0">0</subfield>
    <subfield code="1">0</subfield>
    <subfield code="2">ddc</subfield>
    <subfield code="4">0</subfield>
    <subfield code="7">0</subfield>
    <subfield code="8">MCA</subfield>
    <subfield code="a">AIMIT</subfield>
    <subfield code="b">AIMIT</subfield>
    <subfield code="c">OR</subfield>
    <subfield code="d">2025-02-12</subfield>
    <subfield code="e">Narosa Book Distributors</subfield>
    <subfield code="g">365.00</subfield>
    <subfield code="i">Bill no:68348;Bill dt:2016-03-02</subfield>
    <subfield code="l">0</subfield>
    <subfield code="o">003 RAOK</subfield>
    <subfield code="p">MCA14855</subfield>
    <subfield code="r">2025-07-21 00:00:00</subfield>
    <subfield code="v">273.75</subfield>
    <subfield code="w">2021-07-16</subfield>
    <subfield code="y">BK</subfield>
  </datafield>
</record>
